<?xml version="1.0" encoding="UTF-8"?>
<record
    xmlns:xsi="http://www.w3.org/2001/XMLSchema-instance"
    xsi:schemaLocation="http://www.loc.gov/MARC21/slim http://www.loc.gov/standards/marcxml/schema/MARC21slim.xsd"
    xmlns="http://www.loc.gov/MARC21/slim">

  <leader>01241nam a2200301 a 4500</leader>
  <controlfield tag="001">BRL_1187</controlfield>
  <controlfield tag="005">20190320211056.0</controlfield>
  <controlfield tag="008">221113s1975----u--ab#####---#000-0#eng-#</controlfield>
  <datafield tag="020" ind1=" " ind2=" ">
    <subfield code="a">0913938167</subfield>
  </datafield>
  <datafield tag="041" ind1=" " ind2=" ">
    <subfield code="a">eng</subfield>
  </datafield>
  <datafield tag="044" ind1=" " ind2=" ">
    <subfield code="a">u</subfield>
  </datafield>
  <datafield tag="050" ind1=" " ind2="4">
    <subfield code="a">F1219.1.B3</subfield>
    <subfield code="b">.C76 1975</subfield>
  </datafield>
  <datafield tag="100" ind1="1" ind2=" ">
    <subfield code="a">Crosby, Harry</subfield>
    <subfield code="d">1926-</subfield>
    <subfield code="9">26050</subfield>
  </datafield>
  <datafield tag="245" ind1="1" ind2="0">
    <subfield code="a">The cave paintings of Baja California</subfield>
    <subfield code="b">the great murals of an unknown people</subfield>
    <subfield code="c">written and photographed by Harry Crosby ; other illustrations by Joanne Haskell Crosby ; commissioned by Helen K. Copley ; edited by Richard F. Pourade</subfield>
  </datafield>
  <datafield tag="260" ind1=" " ind2=" ">
    <subfield code="a">United States of America</subfield>
    <subfield code="b">Copley Books</subfield>
    <subfield code="c">1975</subfield>
  </datafield>
  <datafield tag="300" ind1=" " ind2=" ">
    <subfield code="a">ix, 174 p.</subfield>
    <subfield code="b">il. (algunas a color), mapas</subfield>
    <subfield code="c">29 cm.</subfield>
  </datafield>
  <datafield tag="500" ind1=" " ind2=" ">
    <subfield code="a">Au1346</subfield>
  </datafield>
  <datafield tag="504" ind1=" " ind2=" ">
    <subfield code="a">Bibliograf&#xED;a: p. 170-171</subfield>
  </datafield>
  <datafield tag="650" ind1="1" ind2="4">
    <subfield code="a">Ind&#xED;genas de M&#xE9;xico</subfield>
    <subfield code="x">Antig&#xFC;edades</subfield>
    <subfield code="z">Baja California (Peninsula)</subfield>
    <subfield code="9">26051</subfield>
  </datafield>
  <datafield tag="650" ind1="1" ind2="4">
    <subfield code="a">Pintura rupestre</subfield>
    <subfield code="x">Antig&#xFC;edades</subfield>
    <subfield code="z">Baja California (Peninsula)</subfield>
    <subfield code="9">26052</subfield>
  </datafield>
  <datafield tag="650" ind1="1" ind2="4">
    <subfield code="a">Petroglifos</subfield>
    <subfield code="x">Antig&#xFC;edades</subfield>
    <subfield code="z">Baja California (Peninsula)</subfield>
    <subfield code="9">26053</subfield>
  </datafield>
  <datafield tag="651" ind1=" " ind2="4">
    <subfield code="a">Baja California (Peninsula)</subfield>
    <subfield code="x">Antig&#xFC;edades</subfield>
    <subfield code="9">26054</subfield>
  </datafield>
  <datafield tag="700" ind1="1" ind2=" ">
    <subfield code="a">Haskell Crosby, Joanne</subfield>
    <subfield code="e">il.</subfield>
    <subfield code="9">26055</subfield>
  </datafield>
  <datafield tag="700" ind1="1" ind2=" ">
    <subfield code="a">Copley, Helen K.</subfield>
    <subfield code="9">26056</subfield>
  </datafield>
  <datafield tag="700" ind1="1" ind2=" ">
    <subfield code="a">Pourade, Richard F.</subfield>
    <subfield code="e">ed.</subfield>
    <subfield code="9">26057</subfield>
  </datafield>
  <datafield tag="902" ind1=" " ind2=" ">
    <subfield code="a">GRL</subfield>
  </datafield>
  <datafield tag="942" ind1=" " ind2=" ">
    <subfield code="2">lcc</subfield>
    <subfield code="c">B</subfield>
  </datafield>
  <datafield tag="999" ind1=" " ind2=" ">
    <subfield code="c">9999</subfield>
    <subfield code="d">9999</subfield>
  </datafield>
  <datafield tag="952" ind1=" " ind2=" ">
    <subfield code="0">0</subfield>
    <subfield code="1">0</subfield>
    <subfield code="4">0</subfield>
    <subfield code="7">0</subfield>
    <subfield code="a">BRL</subfield>
    <subfield code="b">BRL</subfield>
    <subfield code="d">2013-11-22</subfield>
    <subfield code="i">Au1346</subfield>
    <subfield code="l">0</subfield>
    <subfield code="o">F1219.1.B3 .C76 1975 (Au1346)</subfield>
    <subfield code="p">GRL01304</subfield>
    <subfield code="r">2019-03-22 00:00:00</subfield>
    <subfield code="w">2019-03-22</subfield>
    <subfield code="y">B</subfield>
  </datafield>
</record>
